| 000 | 00810cab a2200265 4500 | ||
|---|---|---|---|
| 001 | WB3113-04 | ||
| 008 | 090401t1995 xxu||||| |||| 00| 0 eng d | ||
| 035 | _a(Sirsi) u41013 | ||
| 041 | _aeng | ||
| 245 | _aBirmingham offices | ||
| 260 | _c1995 | ||
| 350 | _a0 | ||
| 490 |
_aBirmingham Post _v30 March 1995, 31(1) |
||
| 520 | _aPrime rentals for city centre offices in Birmingham are the highest of any other regional city according to research by Chesterton. | ||
| 650 | _aBIRMINGHAM | ||
| 650 | _aCHESTERTON | ||
| 650 | _aINVESTMENT MARKET | ||
| 650 | _aPROPERTY-COMMERCIAL PROPERTY-OFFICE PROPERTY-OFFICE PROPERTY MARKET | ||
| 650 | _aOFFICE RENTS | ||
| 650 | _aOFFICE SPACE | ||
| 650 | _aREGIONAL CENTRES | ||
| 690 | _aPROPERTY-COMMERCIAL PROPERTY | ||
| 942 | _n0 | ||
| 948 | _c04/03/1997 | ||
| 999 |
_c26318 _d26318 |
||